[Event "Campionat de Catalunya 2021 Sub16-20"]
[Site "Salou, Spain"]
[Date "2021.03.31"]
[Round "7.1"]
[White "Masague Artero, Guerau"]
[Black "Alvarez Albiol, Victor"]
[Result "0-1"]
[WhiteTitle "FM"]
[WhiteFideId "32098952"]
[BlackFideId "32065930"]
[WhiteElo "2273"]
[BlackElo "2246"]

1. d4 {[%clk 01:30:56]} {[%emt 00:00:02]} Nf6 {[%clk 01:30:55]} {[%emt
00:00:05]} 2. c4 {[%clk 01:31:23]} {[%emt 00:00:04]} c5 {[%clk 01:31:16]}
{[%emt 00:00:09]} 3. d5 {[%clk 01:31:47]} {[%emt 00:00:05]} b5 {[%clk
01:31:42]} {[%emt 00:00:05]} 4. cxb5 {[%clk 01:32:15]} {[%emt 00:00:02]} a6
{[%clk 01:32:07]} {[%emt 00:00:05]} 5. bxa6 {[%clk 01:32:33]} {[%emt 00:00:12]}
g6 {[%clk 01:32:21]} {[%emt 00:00:16]} 6. Nc3 {[%clk 01:32:57]} {[%emt
00:00:05]} Bxa6 {[%clk 01:31:51]} {[%emt 00:01:00]} 7. e4 {[%clk 01:33:17]}
{[%emt 00:00:11]} Bxf1 {[%clk 01:32:01]} {[%emt 00:00:21]} 8. Kxf1 {[%clk
01:33:44]} {[%emt 00:00:02]} d6 {[%clk 01:31:56]} {[%emt 00:00:35]} 9. g3
{[%clk 01:33:55]} {[%emt 00:00:20]} Bg7 {[%clk 01:31:58]} {[%emt 00:00:28]} 10.
Kg2 {[%clk 01:34:17]} {[%emt 00:00:07]} O-O {[%clk 01:32:11]} {[%emt 00:00:17]}
11. Nf3 {[%clk 01:34:28]} {[%emt 00:00:20]} Nbd7 {[%clk 01:31:51]} {[%emt
00:00:51]} 12. h3 {[%clk 01:34:41]} {[%emt 00:00:16]} Qb6 {[%clk 01:31:27]}
{[%emt 00:00:54]} 13. Re1 {[%clk 01:34:50]} {[%emt 00:00:21]} Rfb8 {[%clk
01:31:13]} {[%emt 00:00:44]} 14. Re2 {[%clk 01:34:58]} {[%emt 00:00:22]} Qa6
{[%clk 01:31:06]} {[%emt 00:00:37]} 15. a4 {[%clk 01:27:32]} {[%emt 00:07:56]}
Rb4 {[%clk 01:27:11]} {[%emt 00:04:25]} 16. e5 {[%clk 01:10:00]} {[%emt
00:18:02]} dxe5 {[%clk 01:17:35]} {[%emt 00:10:06]} 17. Nxe5 {[%clk 01:10:19]}
{[%emt 00:00:10]} Rd4 {[%clk 01:11:12]} {[%emt 00:06:53]} 18. Qe1 {[%clk
01:10:00]} {[%emt 00:00:49]} Nxd5 {[%clk 01:05:25]} {[%emt 00:06:18]} 19. Nxd7
{[%clk 00:58:17]} {[%emt 00:12:13]} Nxc3 {[%emt 00:00:55]} 20. bxc3 {[%clk
00:46:44]} {[%emt 00:11:56]} Rxd7 {[%clk 01:05:10]} {[%emt 00:00:25]} 21. Bf4
{[%clk 00:44:42]} {[%emt 00:02:32]} Bxc3 {[%clk 00:53:26]} {[%emt 00:12:15]} 22.
Qxc3 {[%clk 00:45:06]} {[%emt 00:00:06]} Qxe2 {[%clk 00:53:51]} {[%emt
00:00:05]} 23. Qxc5 {[%clk 00:42:06]} {[%emt 00:03:31]} Qe4+ {[%clk 00:50:15]}
{[%emt 00:04:06]} 24. Kh2 {[%clk 00:40:18]} {[%emt 00:02:17]} Qd5 {[%clk
00:45:46]} {[%emt 00:04:59]} 25. Qc3 {[%clk 00:35:58]} {[%emt 00:04:49]} Rda7
{[%clk 00:39:31]} {[%emt 00:06:47]} 26. Qb4 {[%clk 00:27:09]} {[%emt 00:09:19]}
Qd7 {[%clk 00:31:11]} {[%emt 00:08:50]} 27. a5 {[%clk 00:24:40]} {[%emt
00:02:59]} Qf5 {[%clk 00:30:45]} {[%emt 00:00:55]} 28. Be3 {[%clk 00:19:36]}
{[%emt 00:05:35]} Rxa5 {[%clk 00:29:46]} {[%emt 00:01:29]} 29. Rxa5 {[%clk
00:19:18]} {[%emt 00:00:49]} Qxa5 {[%clk 00:29:29]} {[%emt 00:00:46]} 30. Qxe7
{[%clk 00:19:33]} {[%emt 00:00:15]} Qf5 {[%clk 00:26:47]} {[%emt 00:03:12]} 31.
Bd4 {[%clk 00:15:48]} {[%emt 00:04:15]} Qe6 {[%clk 00:26:22]} {[%emt 00:00:55]}
32. Qg5 {[%clk 00:15:11]} {[%emt 00:01:07]} Rf8 {[%clk 00:23:49]} {[%emt
00:03:03]} 33. Qf4 {[%clk 00:08:29]} {[%emt 00:07:12]} f6 {[%clk 00:22:10]}
{[%emt 00:02:09]} 34. g4 {[%clk 00:06:20]} {[%emt 00:02:39]} g5 {[%clk
00:21:51]} {[%emt 00:00:49]} 35. Qc7 {[%clk 00:06:21]} {[%emt 00:00:29]} Rc8
{[%clk 00:20:39]} {[%emt 00:01:41]} 36. Qg3 {[%clk 00:06:23]} {[%emt 00:00:28]}
Rd8 {[%clk 00:17:54]} {[%emt 00:03:16]} 37. Bc5 {[%clk 00:05:53]} {[%emt
00:01:00]} Kg7 {[%clk 00:15:57]} {[%emt 00:02:27]} 38. Qc7+ {[%clk 00:04:10]}
{[%emt 00:02:12]} Rd7 {[%clk 00:16:09]} {[%emt 00:00:18]} 39. Qc8 {[%clk
00:04:36]} {[%emt 00:00:05]} Kg6 {[%clk 00:15:22]} {[%emt 00:01:17]} 40. Kg2
{[%clk 00:02:17]} {[%emt 00:02:49]} Rd6 {[%clk 00:13:04]} {[%emt 00:02:48]} 41.
Qf8 {[%clk 00:01:59]} {[%emt 00:00:48]} Rd2 {[%clk 00:12:06]} {[%emt 00:01:28]}
42. Be3 {[%clk 00:02:12]} {[%emt 00:00:17]} Rd1 {[%clk 00:11:22]} {[%emt
00:01:13]} 43. Kf3 {[%clk 00:00:52]} {[%emt 00:01:50]} Qd5+ {[%clk 00:08:03]}
{[%emt 00:03:50]} 44. Ke2 {[%clk 00:01:13]} {[%emt 00:00:09]} Ra1 {[%clk
00:07:34]} {[%emt 00:00:59]} 45. Qe8+ {[%clk 00:01:24]} {[%emt 00:00:19]} Kg7
{[%clk 00:07:20]} {[%emt 00:00:45]} 46. Qe7+ {[%clk 00:01:21]} {[%emt
00:00:33]} Qf7 {[%clk 00:07:41]} {[%emt 00:00:09]} 47. Qe4 {[%clk 00:01:32]}
{[%emt 00:00:19]} Ra2+ {[%clk 00:07:37]} {[%emt 00:00:35]} 48. Kf1 {[%clk
00:01:08]} {[%emt 00:00:53]} Ra6 {[%clk 00:06:37]} {[%emt 00:01:30]} 49. Kg2
{[%clk 00:00:36]} {[%emt 00:01:02]} Rd6 {[%clk 00:06:40]} {[%emt 00:00:27]} 50.
Kf1 {[%clk 00:00:41]} {[%emt 00:00:24]} Rd7 {[%clk 00:06:50]} {[%emt 00:00:21]}
51. Qa4 {[%clk 00:00:32]} {[%emt 00:00:39]} Qd5 {[%clk 00:07:02]} {[%emt
00:00:17]} 52. Ke2 {[%clk 00:00:39]} {[%emt 00:00:23]} Qd3+ {[%clk 00:06:46]}
{[%emt 00:00:45]} 53. Kf3 {[%clk 00:01:04]} {[%emt 00:00:05]} Qd1+ {[%clk
00:06:28]} {[%emt 00:00:48]} 54. Qxd1 {[%clk 00:01:33]} {[%emt 00:00:02]} Rxd1
{[%clk 00:06:56]} {[%emt 00:00:02]} 55. Kg3 {[%clk 00:01:22]} {[%emt 00:00:40]}
Rg1+ {[%clk 00:06:47]} {[%emt 00:00:39]} 56. Kh2 {[%clk 00:01:52]} Rb1 {[%clk
00:07:09]} {[%emt 00:00:08]} 57. Kg3 {[%clk 00:02:21]} {[%emt 00:00:01]} Kg6
{[%clk 00:06:26]} {[%emt 00:01:13]} 58. h4 {[%clk 00:02:50]} {[%emt 00:00:01]}
Rg1+ {[%clk 00:06:23]} {[%emt 00:00:33]} 59. Kh3 {[%clk 00:02:07]} {[%emt
00:01:12]} Rh1+ {[%clk 00:06:46]} {[%emt 00:00:07]} 60. Kg2 {[%clk 00:02:36]}
{[%emt 00:00:01]} Rxh4 {[%clk 00:07:01]} {[%emt 00:00:15]} 61. f3 {[%clk
00:02:25]} {[%emt 00:00:41]} f5 {[%clk 00:05:26]} {[%emt 00:02:06]} 62. Bf2
{[%clk 00:02:19]} {[%emt 00:00:36]} Rh6 {[%clk 00:05:38]} {[%emt 00:00:18]} 0-1

[Event "Campionat de Catalunya 2021 Sub16-20"]
[Site "Salou, Spain"]
[Date "2021.03.31"]
[Round "7.2"]
[White "Vinolas Anglada, Laura"]
[Black "Sole Pijuan, Ferran"]
[Result "0-1"]
[BlackTitle "FM"]
[WhiteFideId "24517925"]
[BlackFideId "32045611"]
[WhiteElo "1798"]
[BlackElo "2156"]

1. e4 {[%clk 01:30:58]} {[%emt 00:00:01]} e5 {[%clk 01:30:42]} {[%emt
00:00:18]} 2. Nf3 {[%clk 01:31:22]} {[%emt 00:00:07]} Nc6 {[%clk 01:31:08]}
{[%emt 00:00:04]} 3. Bc4 {[%clk 01:31:43]} {[%emt 00:00:09]} Nf6 {[%clk
01:31:20]} {[%emt 00:00:15]} 4. d3 {[%clk 01:32:05]} {[%emt 00:00:11]} Bc5
{[%clk 01:31:22]} {[%emt 00:00:27]} 5. c3 {[%clk 01:32:14]} {[%emt 00:00:22]}
a6 {[%clk 01:31:43]} {[%emt 00:00:09]} 6. a4 {[%clk 01:32:28]} {[%emt
00:00:16]} Ba7 {[%clk 01:31:24]} {[%emt 00:00:48]} 7. O-O {[%clk 01:31:36]}
{[%emt 00:01:22]} d6 {[%clk 01:31:47]} {[%emt 00:00:06]} 8. Re1 {[%clk
01:31:17]} {[%emt 00:00:47]} h6 {[%clk 01:28:29]} {[%emt 00:03:50]} 9. Nbd2
{[%clk 01:29:56]} {[%emt 00:01:51]} g5 {[%clk 01:26:14]} {[%emt 00:02:46]} 10.
Nf1 {[%clk 01:30:00]} {[%emt 00:00:26]} g4 {[%clk 01:26:05]} {[%emt 00:00:40]}
11. N3d2 {[%clk 01:30:14]} {[%emt 00:00:15]} h5 {[%clk 01:25:44]} {[%emt
00:00:52]} 12. Ne3 {[%clk 01:27:49]} {[%emt 00:02:54]} h4 {[%clk 01:20:46]}
{[%emt 00:05:29]} 13. Ndf1 {[%clk 01:19:08]} {[%emt 00:09:11]} Rg8 {[%clk
00:53:43]} {[%emt 00:27:34]} 14. d4 {[%clk 00:52:06]} {[%emt 00:27:32]} exd4
{[%clk 00:41:48]} {[%emt 00:12:25]} 15. Nf5 {[%clk 00:42:48]} {[%emt 00:09:47]}
Ne5 {[%clk 00:37:19]} {[%emt 00:04:59]} 16. Ba2 {[%clk 00:32:44]} {[%emt
00:10:34]} dxc3 {[%clk 00:33:17]} {[%emt 00:04:32]} 17. bxc3 {[%clk 00:31:38]}
{[%emt 00:01:36]} g3 {[%clk 00:30:22]} {[%emt 00:03:25]} 18. hxg3 {[%clk
00:29:46]} {[%emt 00:02:21]} Bxf5 {[%clk 00:30:16]} {[%emt 00:00:37]} 19. exf5
{[%clk 00:29:56]} {[%emt 00:00:20]} hxg3 {[%clk 00:30:41]} {[%emt 00:00:05]} 20.
Be3 {[%clk 00:28:11]} {[%emt 00:02:13]} gxf2+ {[%clk 00:30:01]} {[%emt
00:01:12]} 21. Bxf2 {[%clk 00:27:56]} {[%emt 00:00:45]} Bxf2+ {[%clk 00:30:22]}
{[%emt 00:00:09]} 22. Kxf2 {[%clk 00:28:21]} {[%emt 00:00:05]} Nfg4+ {[%clk
00:30:10]} {[%emt 00:00:42]} 23. Kg1 {[%clk 00:19:27]} {[%emt 00:09:25]} Qh4
{[%clk 00:27:57]} {[%emt 00:02:43]} 24. Qf3 {[%clk 00:14:55]} {[%emt 00:04:59]}
O-O-O {[%clk 00:25:13]} {[%emt 00:03:16]} 25. Qg3 {[%clk 00:09:24]} {[%emt
00:06:02]} Qh6 {[%clk 00:21:45]} {[%emt 00:03:57]} 26. Ne3 {[%clk 00:03:21]}
{[%emt 00:06:34]} Nh2 {[%clk 00:20:30]} {[%emt 00:01:45]} 27. Qf2 {[%clk
00:01:54]} {[%emt 00:01:56]} Nef3+ {[%clk 00:20:46]} {[%emt 00:00:15]} 0-1

[Event "Campionat de Catalunya 2021 Sub16-20"]
[Site "Salou, Spain"]
[Date "2021.03.31"]
[Round "7.3"]
[White "Castillo Dalmau, Albert"]
[Black "Martin Barcelo, Carles"]
[Result "0-1"]
[WhiteTitle "FM"]
[WhiteFideId "32009925"]
[BlackFideId "24561444"]
[WhiteElo "2206"]
[BlackElo "2258"]

1. Nf3 {[%clk 01:24:54]} {[%emt 00:02:53]} Nf6 {[%clk 01:30:34]} {[%emt
00:00:27]} 2. g3 {[%clk 01:25:15]} {[%emt 00:00:09]} g6 {[%clk 01:30:42]}
{[%emt 00:00:22]} 3. b3 {[%clk 01:25:41]} {[%emt 00:00:05]} Bg7 {[%clk
01:30:57]} {[%emt 00:00:15]} 4. Bb2 {[%clk 01:26:06]} {[%emt 00:00:05]} O-O
{[%clk 01:30:58]} {[%emt 00:00:29]} 5. Bg2 {[%clk 01:26:32]} {[%emt 00:00:04]}
d6 {[%clk 01:31:20]} {[%emt 00:00:08]} 6. d4 {[%clk 01:26:45]} {[%emt
00:00:17]} b5 {[%clk 01:31:12]} {[%emt 00:00:38]} 7. O-O {[%clk 01:23:23]}
{[%emt 00:03:51]} Bb7 {[%clk 01:30:58]} {[%emt 00:00:46]} 8. c4 {[%clk
01:17:42]} {[%emt 00:06:11]} bxc4 {[%clk 01:29:11]} {[%emt 00:02:17]} 9. bxc4
{[%clk 01:18:10]} {[%emt 00:00:02]} Nbd7 {[%clk 01:28:41]} {[%emt 00:01:01]} 10.
Nbd2 {[%clk 01:05:58]} {[%emt 00:12:42]} Rb8 {[%clk 01:26:00]} {[%emt
00:03:11]} 11. Qc2 {[%clk 01:06:03]} {[%emt 00:00:25]} Re8 {[%clk 01:23:20]}
{[%emt 00:03:10]} 12. Rab1 {[%clk 01:04:29]} {[%emt 00:02:04]} e5 {[%clk
01:18:58]} {[%emt 00:04:52]} 13. dxe5 {[%clk 01:04:45]} {[%emt 00:00:14]} Nxe5
{[%clk 01:09:14]} {[%emt 00:10:14]} 14. Nxe5 {[%clk 00:59:28]} {[%emt
00:05:46]} dxe5 {[%clk 01:08:11]} {[%emt 00:01:33]} 15. Bc3 {[%clk 00:50:53]}
{[%emt 00:09:05]} Bxg2 {[%clk 00:56:10]} {[%emt 00:12:32]} 16. Rxb8 {[%clk
00:48:58]} {[%emt 00:02:26]} Qxb8 {[%clk 00:56:33]} {[%emt 00:00:07]} 17. Kxg2
{[%clk 00:49:24]} {[%emt 00:00:03]} Qa8+ {[%clk 00:52:22]} {[%emt 00:04:41]} 18.
Kg1 {[%clk 00:49:38]} {[%emt 00:00:16]} Qc6 {[%clk 00:48:44]} {[%emt 00:04:08]}
19. Rb1 {[%clk 00:46:49]} {[%emt 00:03:19]} h5 {[%clk 00:43:13]} {[%emt
00:06:01]} 20. Rb5 {[%clk 00:34:05]} {[%emt 00:13:14]} e4 {[%clk 00:26:12]}
{[%emt 00:17:31]} 21. e3 {[%clk 00:31:27]} {[%emt 00:03:09]} h4 {[%clk
00:23:35]} {[%emt 00:03:07]} 22. Qb1 {[%emt 00:13:10]} Kh7 {[%clk 00:19:13]}
{[%emt 00:02:22]} 23. Rb8 {[%clk 00:19:04]} {[%emt 00:02:42]} Rxb8 {[%clk
00:17:39]} {[%emt 00:02:04]} 24. Qxb8 {[%clk 00:19:32]} {[%emt 00:00:01]} Qd7
{[%clk 00:14:10]} {[%emt 00:03:59]} 25. Qb2 {[%clk 00:17:29]} {[%emt 00:02:33]}
Nh5 {[%clk 00:03:57]} {[%emt 00:10:43]} 26. Bxg7 {[%clk 00:09:48]} {[%emt
00:08:11]} Nxg7 {[%clk 00:04:23]} {[%emt 00:00:05]} 27. Nxe4 {[%clk 00:09:58]}
{[%emt 00:00:19]} Qd1+ {[%clk 00:04:24]} {[%emt 00:00:29]} 28. Kg2 {[%clk
00:10:27]} {[%emt 00:00:01]} h3+ {[%clk 00:04:39]} {[%emt 00:00:15]} 29. Kxh3
{[%clk 00:10:51]} {[%emt 00:00:05]} Qf1+ {[%clk 00:05:05]} {[%emt 00:00:04]} 30.
Kg4 {[%clk 00:07:58]} {[%emt 00:03:24]} f5+ {[%clk 00:05:10]} {[%emt 00:00:26]}
31. Kg5 {[%clk 00:07:43]} {[%emt 00:00:44]} fxe4 {[%clk 00:04:50]} {[%emt
00:00:51]} 32. Qf6 {[%clk 00:08:11]} {[%emt 00:00:01]} Qxc4 {[%clk 00:04:23]}
{[%emt 00:00:57]} 33. Qxg6+ {[%clk 00:08:38]} {[%emt 00:00:03]} Kg8 {[%clk
00:04:30]} {[%emt 00:00:23]} 34. a3 {[%clk 00:05:49]} {[%emt 00:03:19]} Qd5+
{[%clk 00:02:11]} {[%emt 00:02:49]} 35. Kf4 {[%clk 00:05:01]} {[%emt 00:01:18]}
c5 {[%clk 00:01:53]} {[%emt 00:00:48]} 36. h4 {[%clk 00:04:33]} {[%emt
00:00:57]} c4 {[%clk 00:01:42]} {[%emt 00:00:41]} 37. Qxe4 {[%clk 00:04:29]}
{[%emt 00:00:33]} Qf7+ {[%clk 00:00:43]} {[%emt 00:01:30]} 38. Kg4 {[%clk
00:03:54]} {[%emt 00:01:05]} c3 {[%clk 00:00:40]} {[%emt 00:00:33]} 39. Qa8+
{[%clk 00:02:04]} {[%emt 00:02:21]} Kh7 {[%clk 00:01:04]} {[%emt 00:00:06]} 40.
f4 {[%clk 00:00:35]} {[%emt 00:01:59]} c2 {[%clk 00:01:14]} {[%emt 00:00:20]}
41. Qh1 {[%clk 00:00:53]} {[%emt 00:00:11]} Qf5+ {[%clk 00:01:15]} {[%emt
00:00:29]} 42. Kf3 {[%clk 00:01:18]} {[%emt 00:00:05]} Qd5+ {[%clk 00:01:41]}
{[%emt 00:00:04]} 0-1

[Event "Campionat de Catalunya 2021 Sub16-20"]
[Site "Salou, Spain"]
[Date "2021.03.31"]
[Round "7.4"]
[White "Salvans Serra, Arnau"]
[Black "Ribera Veganzones, Josep Maria"]
[Result "1-0"]
[WhiteFideId "24586153"]
[BlackFideId "6900763"]
[WhiteElo "2107"]
[BlackElo "2079"]

1. d4 {[%clk 01:30:53]} {[%emt 00:00:06]} f5 {[%clk 01:28:33]} {[%emt
00:02:27]} 2. c4 {[%clk 01:30:29]} {[%emt 00:00:54]} Nf6 {[%clk 01:28:33]}
{[%emt 00:00:30]} 3. g3 {[%clk 01:30:35]} {[%emt 00:00:23]} g6 {[%clk
01:28:18]} {[%emt 00:00:46]} 4. Bg2 {[%clk 01:30:46]} {[%emt 00:00:19]} Bg7
{[%clk 01:28:22]} {[%emt 00:00:25]} 5. Nf3 {[%clk 01:30:21]} {[%emt 00:00:55]}
O-O {[%clk 01:28:20]} {[%emt 00:00:32]} 6. O-O {[%clk 01:30:14]} {[%emt
00:00:37]} d6 {[%clk 01:28:05]} {[%emt 00:00:46]} 7. Nc3 {[%clk 01:28:37]}
{[%emt 00:02:07]} c6 {[%clk 01:27:20]} {[%emt 00:01:15]} 8. Rb1 {[%clk
01:27:22]} {[%emt 00:01:45]} Na6 {[%clk 01:18:11]} {[%emt 00:09:39]} 9. b4
{[%clk 01:21:35]} {[%emt 00:06:17]} Ne4 {[%clk 01:13:18]} {[%emt 00:05:23]} 10.
Nxe4 {[%clk 01:10:04]} {[%emt 00:12:00]} fxe4 {[%clk 01:13:34]} {[%emt
00:00:14]} 11. Nd2 {[%clk 01:10:14]} {[%emt 00:00:20]} Bxd4 {[%clk 01:11:29]}
{[%emt 00:02:35]} 12. Nxe4 {[%clk 01:10:30]} {[%emt 00:00:14]} Bg7 {[%clk
01:10:04]} {[%emt 00:01:54]} 13. Bb2 {[%clk 01:10:13]} {[%emt 00:00:47]} Bf5
{[%clk 01:07:18]} {[%emt 00:03:16]} 14. Bxg7 {[%clk 01:07:02]} {[%emt
00:03:41]} Kxg7 {[%clk 01:06:27]} {[%emt 00:01:21]} 15. Rb2 {[%clk 01:06:47]}
{[%emt 00:00:45]} Qd7 {[%clk 00:55:26]} {[%emt 00:11:31]} 16. b5 {[%clk
00:58:11]} {[%emt 00:09:06]} cxb5 {[%clk 00:55:02]} {[%emt 00:00:54]} 17. Rxb5
{[%clk 00:57:22]} {[%emt 00:01:19]} h6 {[%clk 00:53:58]} {[%emt 00:01:33]} 18.
Qb3 {[%clk 00:51:49]} {[%emt 00:06:02]} Rab8 {[%clk 00:46:02]} {[%emt
00:08:27]} 19. Qe3 {[%clk 00:39:18]} {[%emt 00:13:01]} b6 {[%emt 00:04:53]} 20.
Qa3 {[%clk 00:33:01]} {[%emt 00:03:01]} Nc7 {[%clk 00:43:18]} {[%emt 00:02:37]}
21. Rb4 {[%clk 00:32:50]} {[%emt 00:00:41]} Ne6 {[%clk 00:41:07]} {[%emt
00:02:40]} 22. Rd1 {[%clk 00:31:14]} {[%emt 00:02:06]} Rbc8 {[%emt 00:04:56]}
23. Nc3 {[%clk 00:26:45]} {[%emt 00:01:46]} Nc5 {[%emt 00:06:47]} 24. Nb5
{[%emt 00:06:11]} a5 {[%clk 00:27:29]} {[%emt 00:03:58]} 25. Rb2 {[%emt
00:01:27]} Bh3 {[%clk 00:26:39]} {[%emt 00:00:14]} 26. Nd4 {[%clk 00:21:41]}
{[%emt 00:02:42]} Bxg2 27. Kxg2 {[%clk 00:22:10]} Ne4 {[%clk 00:24:50]} {[%emt
00:01:49]} 28. f3 {[%clk 00:21:49]} {[%emt 00:00:51]} Ng5 {[%clk 00:25:15]}
{[%emt 00:00:04]} 29. Qe3 {[%emt 00:02:15]} Rxc4 {[%clk 00:23:48]} {[%emt
00:00:46]} 30. Rxb6 {[%clk 00:20:48]} {[%emt 00:00:59]} Rfc8 {[%clk 00:22:31]}
{[%emt 00:01:46]} 31. Rb3 {[%clk 00:20:01]} {[%emt 00:01:17]} a4 {[%clk
00:22:29]} {[%emt 00:00:32]} 32. Rbb1 {[%emt 00:03:27]} Rc3 {[%clk 00:17:10]}
{[%emt 00:04:10]} 33. Rd3 {[%clk 00:19:13]} R3c5 {[%clk 00:17:38]} {[%emt
00:00:02]} 34. f4 {[%clk 00:19:12]} {[%emt 00:00:30]} Qh3+ {[%clk 00:12:54]}
{[%emt 00:05:14]} 35. Kg1 {[%clk 00:19:36]} {[%emt 00:00:06]} e5 {[%clk
00:12:54]} {[%emt 00:00:31]} 36. fxg5 {[%clk 00:19:18]} {[%emt 00:00:48]} exd4
{[%clk 00:11:41]} {[%emt 00:01:42]} 37. gxh6+ {[%emt 00:02:19]} Qxh6 {[%clk
00:10:44]} {[%emt 00:00:16]} 38. Rb7+ {[%clk 00:18:08]} {[%emt 00:01:03]} Kh8
{[%clk 00:10:48]} {[%emt 00:00:23]} 1-0

[Event "Campionat de Catalunya 2021 Sub16-20"]
[Site "Salou, Spain"]
[Date "2021.03.31"]
[Round "7.5"]
[White "Cervello Navarro, Hector"]
[Black "Alcala Gonzalez, Cesar"]
[Result "0-1"]
[WhiteFideId "24585181"]
[BlackFideId "24584878"]
[WhiteElo "1885"]
[BlackElo "2110"]

1. e4 {[%emt 00:00:09]} c6 {[%emt 00:00:08]} 2. d4 {[%emt 00:00:04]} d5 {[%emt
00:00:04]} 3. Nd2 {[%emt 00:00:05]} dxe4 {[%emt 00:00:05]} 4. Nxe4 {[%emt
00:00:05]} Nd7 {[%emt 00:00:05]} 5. c3 {[%emt 00:00:20]} Ngf6 {[%emt 00:00:33]}
6. Nxf6+ {[%emt 00:00:12]} Nxf6 {[%emt 00:00:11]} 7. Bc4 {[%emt 00:00:13]} Qc7
{[%emt 00:00:59]} 8. Qf3 {[%emt 00:00:10]} Bg4 {[%emt 00:04:31]} 9. Qg3 {[%emt
00:02:08]} Qxg3 {[%emt 00:02:18]} 10. hxg3 {[%emt 00:00:55]} e6 {[%emt
00:01:07]} 11. Ne2 {[%emt 00:05:00]} Bf5 {[%emt 00:09:08]} 12. Nf4 {[%emt
00:22:51]} Bd6 {[%emt 00:10:15]} 13. Nh5 {[%emt 00:10:16]} Nxh5 {[%emt
00:02:48]} 14. Rxh5 {[%emt 00:00:02]} Bg6 {[%emt 00:01:36]} 15. Rh2 {[%emt
00:01:24]} e5 {[%emt 00:09:35]} 16. Be3 {[%emt 00:01:07]} O-O {[%emt 00:08:55]}
17. O-O-O {[%emt 00:02:22]} b5 {[%emt 00:01:31]} 18. dxe5 {[%emt 00:19:16]}
Bxe5 {[%emt 00:00:58]} 19. Bd3 {[%emt 00:00:16]} f5 {[%emt 00:12:17]} 20. Rhh1
{[%emt 00:03:51]} a5 {[%emt 00:01:11]} 21. Bc2 {[%emt 00:02:29]} Rfe8 {[%emt
00:07:10]} 22. Rhe1 {[%emt 00:04:46]} a4 {[%emt 00:03:31]} 23. a3 {[%emt
00:04:32]} Rad8 {[%emt 00:04:20]} 24. Rxd8 {[%emt 00:04:08]} Rxd8 {[%emt
00:00:06]} 25. Bf4 {[%emt 00:01:14]} Bf6 {[%emt 00:02:38]} 26. Re6 {[%emt
00:03:39]} Rc8 {[%emt 00:01:51]} 27. Kb1 {[%emt 00:06:18]} Kf8 {[%emt
00:06:55]} 28. Rd6 {[%emt 00:01:29]} Ke7 {[%emt 00:00:53]} 29. c4 {[%emt
00:01:00]} bxc4 {[%emt 00:04:24]} 30. Bxa4 {[%emt 00:00:19]} Be8 {[%emt
00:00:44]} 31. Rd1 {[%emt 00:02:44]} Bf7 {[%emt 00:00:19]} 32. Bc2 {[%emt
00:00:46]} g6 {[%emt 00:00:32]} 33. a4 {[%emt 00:00:40]} Bd5 {[%emt 00:00:17]}
34. f3 {[%emt 00:00:30]} h5 {[%emt 00:01:37]} 35. Re1+ {[%emt 00:00:29]} Kd7
{[%emt 00:00:19]} 36. g4 {[%emt 00:01:42]} hxg4 {[%emt 00:01:34]} 37. fxg4
{[%emt 00:00:08]} fxg4 {[%emt 00:00:10]} 38. Bxg6 {[%emt 00:00:26]} Ra8 {[%emt
00:00:56]} 39. Bf5+ {[%emt 00:00:40]} Kd8 {[%emt 00:00:05]} 40. Bxg4 {[%emt
00:00:49]} Rxa4 {[%emt 00:00:13]} 41. g3 {[%emt 00:00:38]} Rb4 {[%emt
00:02:40]} 42. Bc1 {[%emt 00:00:30]} c3 {[%emt 00:00:14]} 43. Bf5 {[%emt
00:00:08]} cxb2 {[%emt 00:00:26]} 44. Bf4 {[%emt 00:00:52]} Ra4 {[%emt
00:00:42]} 45. Kc2 {[%emt 00:00:13]} Ra1 {[%emt 00:00:45]} 46. Rb1 {[%emt
00:00:19]} Ra3 {[%emt 00:00:50]} 47. Re1 {[%emt 00:00:39]} Bb3+ {[%emt
00:00:42]} 48. Kd2 {[%emt 00:00:37]} c5 {[%emt 00:00:55]} 49. Bd6 {[%emt
00:00:36]} Ra5 {[%emt 00:00:32]} 50. Re6 {[%emt 00:00:25]} Bxe6 {[%emt
00:00:11]} 0-1

[Event "Campionat de Catalunya 2021 Sub16-20"]
[Site "Salou, Spain"]
[Date "2021.03.31"]
[Round "7.6"]
[White "Bernado Lopez, Roger"]
[Black "Creixans Comerma, Pol"]
[Result "0-1"]
[WhiteFideId "24585009"]
[BlackFideId "24585238"]
[WhiteElo "2139"]
[BlackElo "1782"]

1. e4 {[%emt 00:00:05]} c5 {[%emt 00:00:16]} 2. Nc3 {[%emt 00:00:12]} Nc6
{[%emt 00:00:59]} 3. Bb5 {[%emt 00:11:58]} e5 {[%emt 00:07:45]} 4. d3 {[%emt
00:10:06]} Nge7 {[%emt 00:07:19]} 5. f4 {[%emt 00:11:29]} exf4 {[%emt
00:06:13]} 6. Bxf4 {[%emt 00:00:45]} d5 {[%emt 00:07:09]} 7. Bxc6+ {[%emt
00:03:33]} bxc6 {[%emt 00:00:17]} 8. Nf3 {[%emt 00:02:01]} Ng6 {[%emt
00:01:45]} 9. Bd2 {[%emt 00:11:02]} Bg4 {[%emt 00:03:19]} 10. h3 {[%emt
00:05:12]} Be6 {[%emt 00:05:08]} 11. Qe2 {[%emt 00:01:56]} Be7 {[%emt
00:02:20]} 12. Na4 {[%emt 00:07:40]} Rb8 {[%emt 00:04:33]} 13. O-O-O {[%emt
00:06:45]} O-O {[%emt 00:07:18]} 14. c4 {[%emt 00:01:24]} Qc7 {[%emt 00:14:12]}
15. b3 {[%emt 00:01:48]} Nf4 {[%emt 00:01:35]} 16. Qf1 {[%emt 00:00:10]} dxe4
{[%emt 00:00:55]} 17. dxe4 {[%emt 00:00:35]} Rfd8 {[%emt 00:02:30]} 18. Ne1
{[%emt 00:07:48]} Qe5 {[%emt 00:07:22]} 19. Nc3 {[%emt 00:00:27]} Rxd2 {[%emt
00:02:56]} 20. Kxd2 {[%emt 00:00:32]} Rd8+ {[%emt 00:03:11]} 21. Kc2 {[%emt
00:00:38]} Rxd1 {[%emt 00:05:16]} 22. Nxd1 {[%emt 00:02:29]} Qxe4+ {[%emt
00:00:31]} 23. Nd3 {[%emt 00:00:06]} Nxd3 {[%emt 00:00:24]} 24. Nc3 {[%emt
00:01:01]} Nb4+ {[%emt 00:00:45]} 0-1